=LDR 00000nam 2200000 4500 =001 INLIS000000000000290 =005 20150306072151.0 =006 =007 =008 Ind =035 ##$$0010-061300000000290 =041 ##$$a Ind =082 ##$$a 636.6 =090 ##$$a 636.6 Tur s =100 ##$$a Turub,Rusli =245 ##$$a Sukses memelihara prenjak dan ciblek / Rusli Turub =260 ##$$a Jakarta $b Penebar Swadaya $c 1998 =300 ##$$a vii,56 hlm. : ilus. ; 21 cm =650 ##$$a Beruang Nyanyi =850 ##$$a NBPNMAT